000 00848nam a2200217Ia 4500
999 _c41252
_d41252
001 7905
003 GE_BSU
005 20220930113319.0
008 181216sru 2008xx |||||||||||||| ||rus||
020 _a9785060057492
040 _cGE_BSU
041 _arus
080 _a546(076) C-77
100 _aСтась,Н.Ф.
_914910
245 _aЛабораторный практикум по общей и неорганической химии /
_cН.Ф. Стась.
264 _aМосква :
_bВысшая школа,
_c2008.
300 _a215 стр.
_bилл;
_c20 см.
653 _aЛабораторный практикум по общей и неорганической химии
653 _aზოგადი და არაორგანული ქიმიის ლაბორატორიული
942 _cBK
_2udc